[Event "39th Olympiad Women"]
[Site "Khanty-Mansiysk RUS"]
[Date "2010.09.29"]
[Round "8"]
[White "Kopinits,A"]
[Black "Mijovic,A"]
[Result "1/2-1/2"]
[WhiteElo "2210"]
[BlackElo "2182"]

1.e4 c5 2.Nf3 e6 3.d4 cxd4 4.Nxd4 Nc6 5.Nc3 Qc7 6.Be2 a6 7.O-O Nf6 8.Kh1 Be7
9.f4 d6 10.a4 O-O 11.Be3 Re8 12.Bf3 Rb8 13.Qd2 Nd7 14.a5 Nxd4 15.Bxd4 b5
16.axb6 Nxb6 17.b3 Nd7 18.f5 Ne5 19.fxe6 Bxe6 20.Bxe5 dxe5 21.Nd5 Bxd5 22.exd5  1/2-1/2

[Event "39th Olympiad Women"]
[Site "Khanty-Mansiysk RUS"]
[Date "2010.09.29"]
[Round "8"]
[White "Ziaziulkina,N"]
[Black "Ju Wenjun"]
[Result "0-1"]
[WhiteElo "2284"]
[BlackElo "2516"]

1.e4 c5 2.Nf3 Nc6 3.Nc3 e6 4.d4 cxd4 5.Nxd4 Qc7 6.Be3 a6 7.Qd2 Nf6 8.O-O-O Bb4
9.f3 Ne7 10.Nb3 d5 11.e5 Bxc3 12.Qxc3 Qxc3 13.bxc3 Nd7 14.f4 b6 15.a4 Bb7
16.a5 b5 17.Bd4 h5 18.Bd3 g6 19.g3 O-O-O 20.Rhg1 Nc6 21.h3 Rdg8 22.Rde1 Kc7
23.g4 hxg4 24.hxg4 Rh3 25.f5 gxf5 26.gxf5 Rxg1 27.Rxg1 Ncxe5 28.fxe6 fxe6
29.Rg7 Nxd3+ 30.cxd3 Kd6 31.Bb6 Bc6 32.d4 b4 33.Nc5 bxc3 34.Nxa6 Ba4 35.Rg1 Kc6
36.Nc5 Nxc5 37.Bxc5 Kb5 38.Bb6 Rh2 39.Kb1 Bb3 40.Rc1 Rb2+  0-1

[Event "39th Olympiad Women"]
[Site "Khanty-Mansiysk RUS"]
[Date "2010.09.30"]
[Round "9"]
[White "Kochetkova,J"]
[Black "Galojan,L"]
[Result "1/2-1/2"]
[WhiteElo "2327"]
[BlackElo "2373"]

1.e4 c5 2.Nf3 Nc6 3.Nc3 e6 4.d4 cxd4 5.Nxd4 Qc7 6.Be3 a6 7.Qd2 Nf6 8.O-O-O Be7
9.f3 h5 10.Kb1 d6 11.Qf2 Bd7 12.Bd3 b5 13.Nxc6 Bxc6 14.Rhe1 b4 15.Ne2 e5
16.Ng3 g6 17.Qd2 a5 18.Bg5 Bd7 19.Be2 Rc8 20.Bxf6 Bxf6 21.Qxd6 Qxc2+ 22.Ka1 Qc6
23.Nf1 Qxd6 24.Rxd6 Ke7 25.Ra6 Ra8 26.Ne3 Be6 27.Rd1 Rxa6 28.Bxa6 Bg5 29.Nd5+ Bxd5
30.Rxd5 Rd8 31.Rxe5+ Kf6 32.Rd5 Rxd5 33.exd5 Ke5 34.b3 h4 35.g3 hxg3 36.hxg3 Be7
37.Kb2 Kd4 38.Kc2 g5 39.g4  1/2-1/2

[Event "39th Olympiad Women"]
[Site "Khanty-Mansiysk RUS"]
[Date "2010.09.30"]
[Round "9"]
[White "Bezgodova,M"]
[Black "Guichard,P"]
[Result "1-0"]
[WhiteElo "2170"]
[BlackElo "2293"]

1.e4 c5 2.Nf3 e6 3.d4 cxd4 4.Nxd4 Nc6 5.Nc3 Qc7 6.Be2 a6 7.O-O Nf6 8.Be3 Bb4
9.Na4 O-O 10.Nxc6 bxc6 11.Bb6 Qb8 12.Qd4 Bd6 13.g3 Be5 14.Qe3 d5 15.Bc5 Rd8
16.f4 Bc7 17.e5 Nd7 18.Bd4 a5 19.Rae1 c5 20.Nxc5 Nxc5 21.Bxc5 d4 22.Qb3 Rd5
23.Qxb8 Rxb8 24.Ba3 Bb6 25.Bd3 Bb7 26.Bd6 Rc8 27.h3 Rxc2 28.Rc1 Rxb2 29.Rf2 Rdb5
30.Bxb5 Rxb5 31.a4 Rb3 32.Bc5 Bd8 33.Bxd4 Rxg3+ 34.Kh2 Rd3 35.Bc3 Bh4 36.Rd2 Rf3
37.Rb2 Bg3+ 38.Kg1 Bf2+ 39.Rxf2 Rxh3 40.Rh2  1-0

[Event "39th Olympiad Men"]
[Site "Khanty-Mansiysk RUS"]
[Date "2010.09.30"]
[Round "9"]
[White "Juarez Flores,C"]
[Black "Khetho,P"]
[Result "1-0"]
[WhiteElo "2366"]
[BlackElo "2266"]

1.e4 c5 2.Nf3 e6 3.d4 cxd4 4.Nxd4 Nc6 5.Nc3 a6 6.Be2 Qc7 7.O-O b5 8.Re1 Bb7
9.Bf1 Nf6 10.Bg5 Nxd4 11.Qxd4 Bc5 12.Qd1 h5 13.Bxf6 gxf6 14.Qf3 f5 15.Bd3 O-O-O
16.Qg3 f4 17.Qh3 Rdg8 18.a4 b4 19.Nb1 Rg5 20.Nd2 Rhg8 21.Bf1 f5 22.Rad1 fxe4
23.Nxe4 Bxe4 24.Rxe4 Bxf2+ 25.Kh1 a5 26.Qf3 Bc5 27.Rxf4 Qc6 28.Qxc6+ dxc6
29.Bc4 R8g6 30.Rf7 Rd5 31.Bxd5 cxd5 32.Rdf1 Rg5 33.Rh7 Re5 34.g3 Re2 35.Rff7 Bb6
36.Rh8+ Bd8 37.Rff8 Rxc2 38.Rxd8+ Kb7 39.Rb8+ Ka7 40.Ra8+  1-0

[Event "39th Olympiad Women"]
[Site "Khanty-Mansiysk RUS"]
[Date "2010.09.30"]
[Round "9"]
[White "Gonzalez,Yar"]
[Black "Mir Mahmoud,A"]
[Result "0-1"]
[WhiteElo "1906"]
[BlackElo "2014"]

1.e4 c5 2.Nf3 e6 3.Nc3 Nc6 4.d4 cxd4 5.Nxd4 Qc7 6.Ndb5 Qb8 7.Be2 a6 8.Nd4 Nf6
9.Nxc6 bxc6 10.Qd3 d5 11.exd5 cxd5 12.Qg3 Qxg3 13.hxg3 Rb8 14.Rh4 Bd6 15.Ra4 Rb6
16.Nd1 Ke7 17.Be3 Rc6 18.c4 Bb7 19.Nc3 dxc4 20.Rxc4 Rxc4 21.Bxc4 Rc8 22.Bf1 Bb4
23.Bd2 a5 24.a3 Bc5 25.Na4 Ba7 26.Bxa5 Rc2 27.Bb4+ Kd8 28.Rd1+ Kc8 29.Bd2 Ng4
30.Bd3 Bxf2+ 31.Kf1 h5 32.Rc1 Rxc1+ 33.Bxc1 Bxg3 34.Nc5 Bd5 35.Ne4 Be5 36.Ng5 f5
37.Nf3 Bg3 38.Be2 e5 39.Bd2 g6 40.Bb5 e4 41.Ng1 Be5 42.Bc3 Bxc3 43.bxc3 Ne3+
44.Kf2 Nd1+ 45.Ke1 Nxc3 46.Be8 h4 47.Bxg6 Be6 48.Nh3 Nd5 49.Ke2 Kd7 50.Bh7 Kd6
51.Ng1 Ke5 52.Bg6 Nf4+  0-1

[Event "39th Olympiad Women"]
[Site "Khanty-Mansiysk RUS"]
[Date "2010.09.30"]
[Round "9"]
[White "Ortiz,Na"]
[Black "Vega Gutierrez,S"]
[Result "1-0"]
[WhiteElo "2212"]
[BlackElo "2368"]

1.e4 c5 2.Nf3 e6 3.d4 cxd4 4.Nxd4 Nc6 5.Nc3 a6 6.Nxc6 bxc6 7.Bd3 d5 8.O-O Nf6
9.Re1 Bb7 10.Bf4 Be7 11.Qf3 O-O 12.Rad1 Nd7 13.Na4 Nb6 14.Nxb6 Qxb6 15.b3 c5
16.exd5 Bxd5 17.Qh3 g6 18.c4 Bb7 19.Be5 Rfd8 20.Qg3 Bd6 21.Bxg6 Bxe5 22.Bxf7+ Kxf7
23.Qxe5 h6 24.Qf4+ Kg7 25.Qg3+ Kh7 26.Qf4 Rxd1 27.Qf7+ Kh8 28.Rxd1 Qc6 29.f3 Qe8
30.Qxb7 Rd8 31.Rxd8 Qxd8 32.Qe4 Qd2 33.Qxe6 Kg7 34.Qe5+ Kh7 35.h3 Qxa2 36.Qxc5 Qxb3
37.Qa7+ Kg8 38.Qa8+ Kg7 39.Qa7+ Kg8 40.Qd4 a5 41.c5 a4 42.c6 Qc2 43.Qd5+ Kg7
44.Qe5+ Kf7 45.c7 a3 46.Qd5+ Kg6 47.Qg8+  1-0

[Event "39th Olympiad Women"]
[Site "Khanty-Mansiysk RUS"]
[Date "2010.10.01"]
[Round "10"]
[White "Melia,S"]
[Black "Gaponenko,I"]
[Result "0-1"]
[WhiteElo "2439"]
[BlackElo "2469"]

1.e4 c5 2.Nf3 e6 3.d4 cxd4 4.Nxd4 Nc6 5.Nc3 Nf6 6.Nxc6 bxc6 7.Bd3 d5 8.O-O Be7
9.Re1 d4 10.Ne2 e5 11.Ng3 g6 12.h3 O-O 13.f4 exf4 14.Bxf4 Be6 15.e5 Nd5 16.Bh6 Re8
17.Ne4 Ne3 18.Bxe3 dxe3 19.Qf3 Qd4 20.Qf4 Rad8 21.Nf6+ Bxf6 22.Qxd4 Rxd4
23.exf6 Bf5 24.Rad1 h5 25.Bxf5 Rxd1 26.Rxd1 gxf5 27.g3 Kh7 28.Kg2 h4 29.gxh4 Kg6
30.Kf3 Re4 31.Re1 Rxh4 32.Kxe3 Rxh3+ 33.Kf4 Rh2 34.Ke5 Rg2 35.c4 Kg5 36.c5 f4
37.Rf1 Re2+ 38.Kd6 Re6+ 39.Kd7 Rxf6 40.b4 a6 41.a4 f3 42.b5 cxb5 43.c6 Rf4
44.Rc1 Rc4 45.Rxc4 bxc4 46.c7 f2 47.c8=Q f1=Q 48.Qxa6 Qf5+ 49.Kd8 Qf6+ 50.Qxf6+ Kxf6
51.a5 c3 52.a6 c2 53.a7 c1=Q 54.a8=Q Qd2+ 55.Kc7 Qc3+ 56.Kb6 Qb4+ 57.Kc7 Qc5+
58.Kd7 Qe7+  0-1

[Event "39th Olympiad Men"]
[Site "Khanty-Mansiysk RUS"]
[Date "2010.10.01"]
[Round "10"]
[White "Palac,M"]
[Black "Diamant,A"]
[Result "1/2-1/2"]
[WhiteElo "2561"]
[BlackElo "2498"]

1.e4 c5 2.Nf3 e6 3.d4 cxd4 4.Nxd4 Nc6 5.Nc3 Qc7 6.Be2 a6 7.O-O Nf6 8.Be3 Be7
9.f4 d6 10.a4 O-O 11.Kh1 Bd7 12.Bf3 Rfe8 13.Nb3 b6 14.Bg1 Bc8 15.a5 Nd7 16.axb6 Nxb6
17.Nb5 axb5 18.Bxb6 Qb7 19.Rxa8 Qxa8 20.Qd2 Qb8 21.Be3 Bb7 22.c3 Qc7 23.Be2 Na5
24.Nxa5 Qxa5 25.b4 Qc7 26.Bxb5  1/2-1/2

[Event "39th Olympiad Women"]
[Site "Khanty-Mansiysk RUS"]
[Date "2010.10.01"]
[Round "10"]
[White "Bezgodova,M"]
[Black "Botsari,A"]
[Result "0-1"]
[WhiteElo "2170"]
[BlackElo "2302"]

1.e4 c5 2.Nf3 e6 3.d4 cxd4 4.Nxd4 Nc6 5.Nc3 Qc7 6.Be2 a6 7.O-O Nf6 8.Be3 Bb4
9.Na4 Be7 10.Nxc6 bxc6 11.Bb6 Qf4 12.f3 h5 13.c4 c5 14.Qc1 Qe5 15.Qc3 Qxc3
16.Nxc3 d6 17.Ba5 Nd7 18.Rad1 Ra7 19.f4 Nb8 20.Nb1 Nc6 21.Bc3 e5 22.Na3 Nd4
23.Bxd4 exd4 24.Nc2 Bd7 25.Bd3 O-O 26.Rfe1 Bf6 27.Rb1 Rb8 28.b3 Bc6 29.Kf2 Re7
30.Re2 Rbe8 31.Rbe1 a5 32.Na3 g5 33.f5 Be5 34.g3 Kg7 35.Nb5 Kf6 36.Rg1 Rh8
37.h3 h4 38.g4 Bf4 39.Kf3 Rhe8 40.Rge1 a4 41.Rb1 axb3 42.axb3 Ra8 43.Rbb2 Ra1
44.Rb1 Ra5 45.Rbb2 Re8 46.Kg2 Rb8 47.Re1 Ke7 48.Reb1 Kd7 49.Kf2 Rba8 50.Ke2 Re8
51.Kf3 d5 52.Re1 dxe4+ 53.Bxe4 Rxe4 54.Rxe4 Ra1 55.b4 Re1 56.Re2 Rxe2 57.Kxe2 Bxe4  0-1

[Event "39th Olympiad Men"]
[Site "Khanty-Mansiysk RUS"]
[Date "2010.10.01"]
[Round "10"]
[White "Del Castilho,M"]
[Black "Guerra Tulcan,L"]
[Result "0-1"]
[WhiteElo "2218"]
[BlackElo "2352"]

1.e4 c5 2.Nf3 e6 3.d4 cxd4 4.Nxd4 Nc6 5.Nc3 Qc7 6.Be3 a6 7.Qd2 Nxd4 8.Bxd4 Ne7
9.Bd3 Nc6 10.Be3 b5 11.O-O Bb7 12.f4 Na5 13.Qf2 Nc4 14.Bd4 Rc8 15.e5 Bc5
16.Ne4 Bxe4 17.Bxe4 Bxd4 18.Qxd4 Qc5 19.Qxc5 Rxc5 20.Rfd1 Ke7 21.b3 Ne3 22.Rd6 f5
23.Bd3 Rhc8 24.Rxa6 Nxc2 25.Bxc2 Rxc2 26.Rd1 R8c7 27.a4 bxa4 28.Rxa4 Rb2
29.Rad4 Rxb3 30.g3 h6 31.R4d3 Rxd3 32.Rxd3 g5 33.Rd4 gxf4 34.gxf4 Rc2 35.h3 Re2
36.Kf1 Re4 37.Rxe4 fxe4 38.Kf2 d5 39.exd6+ Kxd6 40.Ke2 Kc5  0-1

[Event "39th Olympiad Men"]
[Site "Khanty-Mansiysk RUS"]
[Date "2010.10.01"]
[Round "10"]
[White "Predojevic,B"]
[Black "Arakhamia-Grant,K"]
[Result "1/2-1/2"]
[WhiteElo "2624"]
[BlackElo "2451"]

1.e4 c5 2.Nf3 e6 3.d4 cxd4 4.Nxd4 Nc6 5.Nc3 d6 6.Be3 Nf6 7.Qd2 Be7 8.f3 O-O
9.O-O-O a6 10.g4 Nxd4 11.Bxd4 b5 12.Kb1 Nd7 13.h4 b4 14.Na4 Qa5 15.b3 Nc5
16.Nb2 d5 17.exd5 exd5 18.Nd3 Ne6 19.Bb2 d4 20.Bg2 Bb7 21.f4 Bxg2 22.Qxg2 Rfd8
23.Rhe1 Bf8 24.f5 Nc7 25.Ne5 Qc5 26.Qb7 Rab8 27.Qc6 Rb6 28.Qxc5 Bxc5 29.c4 bxc3
30.Bxc3 f6 31.Nc4 Rbb8 32.Ba5 Rd7 33.Bxc7 Rxc7 34.Re6 Ra8 35.Kc2 a5 36.a4 Kf7
37.h5 Rd7 38.Rd3 Bb4 39.g5 Rad8 40.g6+ Kg8 41.Nb6 Rc7+ 42.Nc4 Rcd7 43.Nb6 Rc7+
44.Nc4 Rcd7 45.Rf3 d3+ 46.Kd1 Rd5 47.Nb6 Rd4 48.Rfe3 hxg6 49.hxg6 Kf8 50.Rh3 Kg8
51.Rhe3 Kf8 52.R3e4 Rxe4 53.Rxe4 Rd6 54.Re6 Rd4 55.Re3 Bc5 56.Re6 Bb4 57.Re3 Bc5
58.Re6 Bb4 59.Re3  1/2-1/2

[Event "21st Open"]
[Site "Goch GER"]
[Date "2010.10.02"]
[Round "4.14"]
[White "Van de Wynkele,H"]
[Black "Pohle,D"]
[Result "0-1"]
[WhiteElo "2072"]
[BlackElo "2186"]

1.e4 c5 2.Nf3 e6 3.d4 cxd4 4.Nxd4 Nc6 5.Nc3 a6 6.Be3 Qc7 7.Qd2 Nf6 8.f3 Ne5
9.a3 Nc4 10.Bxc4 Qxc4 11.Nde2 d6 12.Bf4 e5 13.Be3 Be6 14.O-O Be7 15.Rfd1 Rc8
16.Rac1 O-O 17.Kh1 b5 18.h3 Rfd8 19.Ng3 d5 20.exd5 Nxd5 21.Nxd5 Rxd5 22.Qe1 Rxd1
23.Qxd1 f5 24.Nf1 Rd8 25.Qe1 Bh4 26.Bf2 Bf6 27.Ne3 Qc6 28.Rd1 e4 29.Rxd8+ Bxd8
30.fxe4 Qxe4 31.c3 Bc7 32.Nf1 Qc6  0-1

[Event "Tatry Open"]
[Site "Tatranske Zruby CZE"]
[Date "2010.10.02"]
[Round "1"]
[White "Jasny,S"]
[Black "Janos,I"]
[Result "1-0"]
[WhiteElo "2332"]
[BlackElo "2163"]

1.e4 c5 2.Nf3 e6 3.d4 cxd4 4.Nxd4 Nc6 5.Nc3 Qc7 6.Be2 a6 7.Be3 Nf6 8.a3 Ne5
9.O-O h5 10.h3 b5 11.Nf3 Nxf3+ 12.Bxf3 Ng4 13.Bxg4 hxg4 14.Qxg4 Bb7 15.Bg5 Qc4
16.Rfe1 f6 17.Be3 g5 18.Rad1 O-O-O 19.Bb6 Re8 20.Rd3 b4 21.axb4 Qxb4 22.Bd4 f5
23.exf5 Rh4 24.Qd1 g4 25.fxe6 d5 26.hxg4 Bd6 27.Rh3 Rxh3 28.gxh3 Qxb2 29.Qd3 Qa3
30.Qh7 Bc6 31.e7 Bxe7 32.Qf5+ Kb7 33.Qf7 Qd6 34.Re6 Qd7 35.Re1 Ka8 36.f4 Qd6
37.Kg2 Qb4 38.Qg6 Rc8 39.Qg7 Bc5 40.Rd1 Re8 41.Qc7 Qb7 42.Qxb7+ Kxb7 43.Bxc5 d4+
44.Kg3 Re3+ 45.Kh4 Rxc3 46.Bxd4 Rxc2 47.Kg5 Bf3 48.Rd3 Be2 49.Rb3+ Bb5 50.h4 Kc6
51.Rc3+ Rxc3 52.Bxc3 Kd6 53.h5 Kd5  1-0

[Event "39th Olympiad Men"]
[Site "Khanty-Mansiysk RUS"]
[Date "2010.10.03"]
[Round "11"]
[White "Harper,R"]
[Black "Munoz,Li"]
[Result "1-0"]
[WhiteElo "2233"]
[BlackElo "2391"]

1.e4 c5 2.Nf3 e6 3.d4 cxd4 4.Nxd4 Nc6 5.Nc3 Qc7 6.Be3 a6 7.Qd2 Nf6 8.O-O-O Bb4
9.f3 Ne5 10.a3 Bxc3 11.Qxc3 Qxc3 12.bxc3 d5 13.exd5 Nxd5 14.Bd2 Nb6 15.Bf4 Nec4
16.Nb3 Bd7 17.Nc5 Bc6 18.Rd4 e5 19.Bxc4 exd4 20.Re1+ Kf8 21.Bd6+ Kg8 22.Bxf7+ Kxf7
23.Re7+ Kg6 24.Re6+ Kh5 25.Nd3 Rae8 26.g4+ Kg5 27.Bf4+ Kh4 28.Bg3+  1-0

[Event "39th Olympiad Men"]
[Site "Khanty-Mansiysk RUS"]
[Date "2010.10.03"]
[Round "11"]
[White "Gameel,M"]
[Black "Khelfallah,B"]
[Result "1-0"]
[WhiteElo "2216"]
[BlackElo "2183"]

1.e4 c5 2.Nf3 e6 3.d4 cxd4 4.Nxd4 Nc6 5.Nc3 Qc7 6.Be2 a6 7.a3 Nf6 8.O-O Bd6
9.h3 Nxd4 10.Qxd4 Be5 11.Qd3 Bxc3 12.bxc3 d5 13.exd5 Nxd5 14.Bf3 O-O 15.c4 Nb6
16.Be2 Bd7 17.Rb1 Bc6 18.c5 Nd5 19.Bf3 Rfd8 20.Qb3 Rab8 21.Rd1 b6 22.Bb2 bxc5
23.Qc4 Bb5 24.Qe4 Nf6 25.Be5 Qe7 26.Qf4 Rxd1+ 27.Rxd1 Rd8 28.Bd6 Qe8 29.Bxc5 Rxd1+
30.Bxd1 Bc6 31.Be2 Qa8 32.Bf1 a5 33.Bd4 Ne8 34.h4 Be4 35.c4 f6 36.Qe3 Kf7
37.Bc3 a4 38.Bb4 Qc6 39.Qa7+ Kg6 40.f3 Bc2 41.Qf2 Bb3 42.Bd3+ f5 43.Qe2 Kf7
44.g4 g6 45.h5 Qc7 46.hxg6+ hxg6 47.Kg2 Nf6 48.Qe3 Qc6 49.Qh6 Nd7 50.Qh7+ Kf6
51.Be7+ Ke5 52.Qh8+  1-0

[Event "39th Olympiad Men"]
[Site "Khanty-Mansiysk RUS"]
[Date "2010.10.03"]
[Round "11"]
[White "Bitoon,R"]
[Black "Volodin,Alek"]
[Result "0-1"]
[WhiteElo "2447"]
[BlackElo "2433"]

1.e4 c5 2.Nf3 e6 3.d4 cxd4 4.Nxd4 Nc6 5.Nc3 Qc7 6.Be2 Nf6 7.O-O a6 8.Be3 Bb4
9.Na4 O-O 10.c4 Bd6 11.g3 Nxe4 12.Bf3 f5 13.c5 Be5 14.Nxc6 bxc6 15.Nb6 Rb8
16.Bxe4 fxe4 17.Qc2 Qd8 18.Rad1 Bc7 19.Na4 a5 20.Qxe4 Ba6 21.Rfe1 Rb4 22.Qc2 Rc4
23.Nc3 Be5 24.Qd2 Rf7 25.Ne2 Re4 26.b3 Qf6 27.f4 Bb2 28.Nd4 Bxd4 29.Bxd4 Qg6
30.Qxa5 Be2 31.Rd2 Rexf4 32.Rdxe2 Rxd4 33.Qc3 Rd3 34.Qe5 Rf5 35.Qc7 h6 36.Rf2 Rxf2
37.Kxf2 Qf5+ 38.Qf4 Qxc5+ 39.Kg2 Qd5+ 40.Kh3 Rd2 41.Re5 Qg2+ 42.Kg4 Qxh2
43.a4 Rf2 44.Qe4 Rf6 45.Ra5 Kf7 46.Rh5 Qf2 47.Qd3 d5 48.Re5 Qg1 49.Re2 Qh1
50.Re5 Rg6+ 51.Kf4 Qh3 52.Re3 Qg4+ 53.Ke5 Ke7  0-1

[Event "39th Olympiad Men"]
[Site "Khanty-Mansiysk RUS"]
[Date "2010.10.03"]
[Round "11"]
[White "Isaev,J"]
[Black "Obodchuk,A"]
[Result "0-1"]
[WhiteElo "2382"]
[BlackElo "2395"]

1.e4 c5 2.Nf3 e6 3.d4 cxd4 4.Nxd4 Nc6 5.Nc3 Qc7 6.Be3 a6 7.Bd3 Nf6 8.O-O Nxd4
9.Bxd4 Bc5 10.Bxf6 gxf6 11.Qg4 Qe5 12.Qg7 Rf8 13.Rae1 Qg5 14.Qxh7 Rg8 15.g3 Bd4
16.Kg2 Rg7 17.Qh3 b5 18.f4 Qg6 19.f5 Qg5 20.fxe6 dxe6 21.Kh1 Bb7 22.Rf4 O-O-O
23.a4 b4 24.Nd5 Rxd5 25.exd5 Qxf4 26.Qh8+ Kc7 27.Be4 Bxd5 28.Bxd5 Qf2 29.Qxg7 Qxe1+
30.Kg2 Qe2+ 31.Kh3 Qh5+ 32.Kg2 Qxd5+  0-1

[Event "Tatry Open"]
[Site "Tatranske Zruby CZE"]
[Date "2010.10.05"]
[Round "5"]
[White "Kubik,M"]
[Black "Belus,B"]
[Result "1-0"]
[WhiteElo "1806"]
[BlackElo "1987"]

1.e4 c5 2.Nf3 e6 3.d4 cxd4 4.Nxd4 Nc6 5.Nc3 Nf6 6.Ndb5 d6 7.Bf4 e5 8.Bg5 a6
9.Na3 b5 10.Nd5 Be7 11.Bxf6 Bxf6 12.c3 O-O 13.h4 Bb7 14.Nc2 Rc8 15.Nce3 Na5
16.b4 Bxd5 17.Qxd5 Qc7 18.Qd2 Nb7 19.Nd5 Qd8 20.g3 g6 21.Be2 Bg7 22.a4 Qe8
23.axb5 axb5 24.Ra7 Rb8 25.Qd3 f5 26.Qxb5 Qxb5 27.Bxb5 Nc5 28.Bc4 Kh8 29.exf5 gxf5
30.bxc5 Rb1+ 31.Ke2 Rxh1 32.cxd6 e4 33.d7 Be5 34.Ra6 Rb1 35.Re6 Bg7 36.Re8 Rb8
37.Bb5 Rd8 38.Nc7 Kg8 39.Ne6 Rfxe8 40.dxe8=Q+ Rxe8 41.Bxe8 Bxc3 42.Nf4 Kg7
43.Bd7 Ba5 44.Bxf5 Kh6 45.Bxe4 Bb6 46.g4 Ba5 47.g5+ Kg7 48.h5 Kh8 49.Ne6 Bc3
50.f4 Kg8 51.f5 Kf7 52.Kd3 Bb2 53.Nd4 Bc1 54.Bd5+ Ke7 55.f6+ Kd6 56.f7 Ke7
57.g6 hxg6 58.hxg6 Kf8 59.Nf5 Bb2 60.g7+  1-0

[Event "Tatry Open"]
[Site "Tatranske Zruby CZE"]
[Date "2010.10.06"]
[Round "6"]
[White "Davidovic,M1"]
[Black "Koci,L"]
[Result "0-1"]
[WhiteElo "1947"]
[BlackElo "2003"]

1.e4 c5 2.Nc3 Nc6 3.Nge2 e6 4.d4 cxd4 5.Nxd4 a6 6.Be2 Qc7 7.Be3 Nf6 8.O-O Bb4
9.f3 O-O 10.Nb3 Bxc3 11.bxc3 d5 12.Bd3 Rd8 13.Qe1 e5 14.exd5 Nxd5 15.Bg5 f6
16.Bh4 Nce7 17.c4 Nf4 18.Be4 Be6 19.Na5 Rab8 20.c5 Qxc5+ 21.Bf2 Qc7 22.Ba7 Ra8
23.Bf2 Bd5 24.Rb1 b5 25.Bxd5+ Nexd5 26.c4 Nd3 27.Qd2 N5f4 28.Be3 Rab8 29.cxb5 axb5
30.a3 Rd5 31.Nb3 Qd6 32.Qa2 Ra8 33.Ra1 Nb4 34.Qb2 Nbd3 35.Qc3 Ne2+  0-1

[Event "Tatry Open"]
[Site "Tatranske Zruby CZE"]
[Date "2010.10.07"]
[Round "7"]
[White "Framberk,J"]
[Black "Lukac,P"]
[Result "0-1"]
[WhiteElo "1996"]
[BlackElo "1825"]

1.e4 c5 2.Nf3 e6 3.d4 cxd4 4.Nxd4 Nc6 5.Nc3 a6 6.Be3 Be7 7.Be2 d6 8.a4 Nf6
9.O-O O-O 10.f4 Bd7 11.Nb3 Na5 12.e5 dxe5 13.fxe5 Nd5 14.Nxd5 exd5 15.Qxd5 Nxb3
16.Qxb3 Qc7 17.Bc4 Qxe5 18.Bxf7+ Kh8 19.Rad1 Bxa4 20.Qxa4 Qxe3+ 21.Kh1 b5
22.Qg4 Rad8 23.Rfe1 Rxd1 24.Qxd1 Qg5 25.Qd7 Rxf7 26.h3 g6 27.Qc8+ Kg7 28.Qxa6 Rf2
29.Qc6 Qf6 30.Qxb5 Rxc2 31.Qd7 Kf8 32.b4 Qd6 33.Qa4 Qc6 34.Rf1+ Ke8 35.Qxc6+ Rxc6
36.b5 Rb6 37.Rb1 Kd7 38.g3 Kd6 39.Kg2 Kc5 40.g4 g5 41.Kg3 h6 42.h4 Bd6+ 43.Kh3 Bf4
44.Rb2 Rxb5 45.Rxb5+ Kxb5 46.hxg5 hxg5 47.Kg2 Kc4  0-1

[Event "Tatry Open"]
[Site "Tatranske Zruby CZE"]
[Date "2010.10.07"]
[Round "7"]
[White "Skapikova,L"]
[Black "Janos,I"]
[Result "0-1"]
[WhiteElo "1926"]
[BlackElo "2163"]

1.e4 c5 2.Nf3 e6 3.d4 cxd4 4.Nxd4 Nc6 5.Nc3 Qc7 6.Be2 a6 7.O-O b5 8.Bf3 Bb7
9.Be3 Ne5 10.Bf4 Bc5 11.Nce2 Ne7 12.c3 N7g6 13.Bg3 h5 14.h4 Qd8 15.Qc2 Be7
16.Bxe5 Nxe5 17.g3 g5 18.hxg5 h4 19.Kg2 h3+ 20.Kh2 Bxg5 21.Ng1 Qf6 22.Bd1 Rh4
23.Bf3 Nxf3+ 24.Ndxf3 Bxe4 25.Qe2 Bc6 26.Nxg5 Qxg5 27.Nf3 Qh5 28.Nd4 Qxe2
29.Nxe2 Rh6 30.Nd4 Bd5 31.Rfe1 Rf6 32.f4 d6 33.Re3 Kd7 34.Rd1 Rc8 35.Rd2 Bg2
36.Nf3 Rf5 37.Nh4 Rd5 38.Rxd5 Bxd5 39.a3 f5 40.Kxh3 Rh8 41.g4 fxg4+ 42.Kxg4 Rg8+
43.Kh5 Ke7 44.Rd3 Kf6 45.Rd2 Bc6 46.f5 Rg5+ 47.Kh6 Be8 48.Ng6 Rxf5 49.Rg2 Rf1
50.Rg4 Rh1+ 51.Nh4 e5 52.c4 bxc4 53.Rxc4 d5 54.Rb4 Bb5 55.Rg4 Bd3 56.Rb4 Bf5
57.Kh5 e4 58.Rb6+ Be6 59.Rb4 Rg1 60.Rb8 Kg7 61.Rb7+ Bf7+  0-1

[Event "Schachbundesliga 2010-11"]
[Site "Bremen GER"]
[Date "2010.10.08"]
[Round "7"]
[White "Areshchenko,A"]
[Black "Lammers,M"]
[Result "1-0"]
[WhiteElo "2664"]
[BlackElo "2395"]

1.e4 c5 2.Nf3 e6 3.d4 cxd4 4.Nxd4 Nc6 5.Nc3 Qc7 6.Be2 a6 7.O-O Nf6 8.Be3 Be7
9.f4 d6 10.Qe1 O-O 11.Qg3 Nxd4 12.Bxd4 b5 13.a3 Bb7 14.Kh1 Bc6 15.Rae1 Qb7
16.Bd3 b4 17.Nd1 bxa3 18.bxa3 g6 19.Nf2 Rac8 20.Qh3 Rfd8 21.Rb1 Qd7 22.Qh6 Bb5
23.Nh3 Bf8 24.Qh4 Nh5 25.g4 Be7 26.Ng5 e5 27.gxh5 Bxg5 28.Qxg5 exd4 29.f5 Re8
30.f6 Kh8 31.hxg6 Re5 32.Qh6  1-0

[Event "TCh-ISL Div 1 2010-11"]
[Site "Reykjavik ISL"]
[Date "2010.10.08"]
[Round "1.1"]
[White "Sulskis,S"]
[Black "Hjartarson,J"]
[Result "0-1"]
[WhiteElo "2544"]
[BlackElo "2582"]

1.e4 c5 2.Nf3 e6 3.d4 cxd4 4.Nxd4 Nc6 5.Nc3 a6 6.Be3 Nge7 7.Nxc6 Nxc6 8.Qh5 b5
9.O-O-O Qc7 10.Kb1 Bb7 11.f4 Rc8 12.Bd3 Be7 13.Rhf1 Nb4 14.Bd4 Nxd3 15.cxd3 b4
16.Ne2 Qc2+ 17.Ka1 O-O 18.Qf3 f6 19.Qe3 a5 20.Bb6 Qc6 21.Rc1 Qb5 22.Rxc8 Rxc8
23.Rc1 a4 24.Rxc8+ Bxc8 25.Kb1 f5 26.Bd4 Ba6 27.Nc1 Bb7 28.exf5 Qxf5 29.g3 Ba6
30.Kc2 Qb5 31.Kd2 Bf8 32.b3 axb3 33.axb3 Bb7 34.Qe5 Qc6 35.Qe2 Qd5 36.Bb2 Qh1
37.Kc2 Bg2 38.h4 Bf3 39.Qf2 Qd1+ 40.Kb1 Bg4 41.Qd4 d5 42.Qe3 Bf5 43.Bd4 h6
44.Kb2 Kh7 45.Be5 Kg6 46.Bd4 Kh5 47.Qf2 Kg4 48.Qe3 Qf3 49.Qe1 Qxg3 50.Qd1+ Qf3
51.Ne2 Bxd3 52.Qg1+ Kf5 53.Ng3+ Kxf4 54.Bb6 Bd6 55.Bf2 Be5+ 56.Kc1 Bg6 57.Be1 Bc3
58.Bf2 Bd2+ 59.Kxd2 Qc3+  0-1

[Event "TCh-SWE Elitserien 2010-11"]
[Site "Sweden SWE"]
[Date "2010.10.08"]
[Round "1"]
[White "Lindberg,Be"]
[Black "Tikkanen,H"]
[Result "1/2-1/2"]
[WhiteElo "2412"]
[BlackElo "2507"]

1.e4 c5 2.Nf3 e6 3.d4 cxd4 4.Nxd4 Nc6 5.Nc3 Qc7 6.Be2 Nf6 7.O-O a6 8.Be3 Be7
9.f4 d6 10.a4 O-O 11.Kh1 Re8 12.Bg1 Bd7 13.Nb3 b6 14.Bf3 Rab8 15.Qe2 Bc8
16.Qc4 Bb7 17.Nd5 exd5 18.exd5 b5 19.axb5 axb5 20.Qc3 Nxd5 21.Bxd5 Rec8 22.Qd2 Bf6
23.c3 Nd4 24.Ra7 Nxb3 25.Bxb3 Qc6 26.h3 Re8 27.Rf3 Qxf3 28.gxf3 Bxf3+ 29.Kh2 Re2+
30.Qxe2 Bxe2 31.Bxf7+ Kf8 32.Bd4 Bxd4 33.cxd4 Rc8 34.Be6 Rc2 35.Kg3 Bc4 36.d5 Rxb2
37.Rf7+ Ke8 38.Rxg7 Rd2 39.Rxh7 b4 40.f5 Bxd5 41.Bxd5 Rxd5 42.Rb7 Rxf5 43.Rxb4  1/2-1/2

[Event "I Memorial Oliver Gonzalez"]
[Site "Madrid ESP"]
[Date "2010.10.09"]
[Round "1"]
[White "Castano,H"]
[Black "Morona Minguez,I"]
[Result "1-0"]
[WhiteElo "2205"]
[BlackElo "1815"]

1.e4 c5 2.Nf3 e6 3.d4 cxd4 4.Nxd4 Nc6 5.Nc3 a6 6.Be3 Qc7 7.Qd2 Nf6 8.f3 Bb4
9.a3 Ba5 10.Nb3 Bb6 11.Bxb6 Qxb6 12.O-O-O O-O 13.g4 Qc7 14.h4 b5 15.h5 b4
16.axb4 Nxb4 17.Qd6 Qxd6 18.Rxd6 Ne8 19.Rb6 Nc6 20.Be2 Nc7 21.Rd1 Ra7 22.Nd4 Bb7
23.Nxc6 Bxc6 24.Rd6 Ne8 25.Rd4 Nc7 26.b3 Rc8 27.Kb2 Rca8 28.Na4 e5 29.Rd6 Ne6
30.c3 Kf8 31.Ka3 Ke7 32.Rd2 h6 33.Bc4 Ng5 34.Rd3 Ne6 35.Bxe6 fxe6 36.Nc5 Rc8
37.c4 a5 38.Na4 Kd8 39.Nc3 Kc7 40.Rb5 Ra6 41.Rxe5 Rb8 42.Ne2  1-0

[Event "I Memorial Oliver Gonzalez"]
[Site "Madrid ESP"]
[Date "2010.10.09"]
[Round "1"]
[White "Rives Higueras,A"]
[Black "Vazquez Igarza,R"]
[Result "0-1"]
[WhiteElo "2012"]
[BlackElo "2535"]

1.e4 c5 2.Nf3 e6 3.d4 cxd4 4.Nxd4 Nc6 5.Nc3 Qc7 6.Ndb5 Qb8 7.Be3 a6 8.Nd4 Nf6
9.a3 Be7 10.g4 d5 11.exd5 Nxd5 12.Nxd5 exd5 13.Be2 O-O 14.Qd2 Bf6 15.O-O-O Re8
16.Bf3 Ne5 17.Bxd5 Nxg4 18.Bf4 Qa7 19.f3 Ne5 20.Rhe1 Bh3 21.Qb4 Rac8 22.Qb3 b5
23.Bxe5 Bxe5 24.Rxe5 Rxe5 25.Nc6 Qe3+ 26.Qxe3 Rxe3 27.Be4 Kf8 28.Nb4 Re2
29.Nxa6 Rxh2 30.Nb4 Be6 31.Rd2 Rh1+ 32.Rd1 Rxd1+ 33.Kxd1 h5 34.Ke2 g5 35.Nc6 f5
36.Nd4 fxe4 37.Nxe6+ Ke7 38.Nd4 exf3+ 39.Kxf3 Kf6 40.c3 Rc5  0-1

[Event "TCh-NED"]
[Site "Netherlands NED"]
[Date "2010.10.09"]
[Round "2.7"]
[White "Van Kampen,R"]
[Black "Michielsen,J"]
[Result "1-0"]
[WhiteElo "2430"]
[BlackElo "2386"]

1.e4 c5 2.Nf3 e6 3.d4 cxd4 4.Nxd4 Nc6 5.Nc3 Qc7 6.Be3 a6 7.Qd2 Nf6 8.O-O-O Bb4
9.f3 O-O 10.g4 b5 11.g5 Ne8 12.Nxc6 Qxc6 13.h4 f6 14.Be2 d6 15.a3 Ba5 16.b4 Bd8
17.Rhg1 Bb7 18.g6 hxg6 19.Rxg6 Rc8 20.Kb2 Rf7 21.Bd3 Bb6 22.Ne2 Bxe3 23.Qxe3 d5
24.exd5 Qxd5 25.Rg4 Qxf3 26.Qxe6 Nc7 27.Rxg7+ Kxg7 28.Rg1+ Kf8 29.Qd6+ Re7
30.Nf4 Be4 31.Bxe4 Qxe4 32.Ng6+ Kf7 33.Nxe7 Re8 34.Nc6 Nd5 35.h5 Rg8 36.Rxg8  1-0

[Event "TCh-ISL Div 1 2010-11"]
[Site "Reykjavik ISL"]
[Date "2010.10.09"]
[Round "3.1"]
[White "Arnason,J"]
[Black "Stefansson,H"]
[Result "1-0"]
[WhiteElo "2490"]
[BlackElo "2585"]

1.e4 c5 2.Nf3 e6 3.d4 cxd4 4.Nxd4 Nc6 5.Nc3 Qc7 6.Be2 a6 7.O-O Nf6 8.Kh1 Nxd4
9.Qxd4 Bc5 10.Qd2 d6 11.Bd3 O-O 12.Qg5 Nd7 13.Ne2 Ne5 14.Qg3 b5 15.Bh6 f5
16.exf5 exf5 17.Bd2 Bb7 18.Nf4 Nxd3 19.Nxd3 Bd4 20.c3 Be5 21.Bf4 Rae8 22.Rfe1 Be4
23.Rad1 Bxd3 24.Bxe5 Bc2 25.Rc1 Rxe5 26.Rxe5 dxe5 27.Rxc2 Qc4 28.h3 Qxa2
29.Re2 e4 30.Qd6 f4 31.Qe7 f3 32.gxf3 Qb1+ 33.Kh2 exf3 34.Qe6+ Kh8 35.Qf7  1-0